000 00612nam a2200193Ia 4500
003 IN-BaIIA
008 211028s9999 xx 000 0 eng d
040 _cIIA Library
080 _a083.7:621-762.642.7
_bISI
110 _aIndian Standards Institution
245 0 _aIndian standard specification for rotary shaft oil seal units (related dimensions)
_cIndian Standards Institution
260 _aNew Delhi
_bIndian Standards Institution
_c1969
300 _a15p.
500 _aIS 5129 : 1969
650 _a Rotary Shaft Oil Seal
_99145
650 _a Standards 
650 _aNASA Thesaurus 
942 _cBK
999 _c5159
_d5159